| 000 | 00377nam a2200145Ia 4500 | ||
|---|---|---|---|
| 008 | 150201s2002 xx 000 0 und d | ||
| 082 |
_a617.64 _bC2002C |
||
| 100 | _aCAWSON,R.A. | ||
| 245 | _aCAWSONS ESSENTIALS OF ORAL PATHOLOGY & ORAL MEDICINE | ||
| 250 | _a7 TH | ||
| 260 |
_bSAUNDERS _aPHILADELPHIA _c2002 |
||
| 300 | _a1-402 | ||
| 650 | _aORAL PATHOLOGY | ||
| 942 |
_2ddc _cBK |
||
| 999 |
_c3435 _d3435 |
||